[Event "GER-ch 93rd"]
[Site "Magdeburg"]
[Date "2022.08.15"]
[Round "2"]
[White "Braun, Georg"]
[Black "Schulz, Lukas"]
[Result "0-1"]
[WhiteElo "2398"]
[BlackElo "2271"]
[EventDate "2022.08.14"]
[PlyCount "90"]

1. Nf3 Nf6 2. b3 g6 3. Bb2 Bg7 4. g3 O-O 5. Bg2 d6 6. d4 Nbd7 7. O-O Re8 8. c4 e5 9. dxe5 dxe5 10. Nxe5 Nxe5 11. Qxd8 Rxd8 12. Bxe5 Re8 13. Bd4 c5 14. Bc3 Rxe2 15. Na3 Re7 16. Nb5 Ne8 17. Rfe1 Be6 18. Bxg7 Kxg7 19. Rad1 Nf6 20. Re5 a6 21. Nc3 Rc7 22. Re3 Rb8 23. a4 b6 24. Rd6 Rd7 25. Rxd7 Bxd7 26. Rd3 Re8 27. Kf1 Bf5 28. Rd6 Bc2 29. Bf3 Bxb3 30. Be2 Re6 31. Rd8 Ne4 32. Nxe4 Rxe4 33. f3 Rd4 34. Rb8 Bxc4 35. Bxc4 Rxc4 36. Rxb6 Rxa4 37. Rc6 c4 38. h4 a5 39. g4 Rb4 40. Ra6 a4 41. Ke2 c3 42. Rc6 a3 43. Ra6 Rb2+ 44. Ke3 a2 45. g5 c2 0-1

[Event "GER-ch 93rd"]
[Site "Magdeburg"]
[Date "2022.08.15"]
[Round "2"]
[White "Burian, Simon"]
[Black "Hourigan, Gerrit"]
[Result "0-1"]
[WhiteElo "2211"]
[BlackElo "2306"]
[EventDate "2022.08.14"]
[PlyCount "106"]

1. e4 c5 2. Nf3 d6 3. d4 cxd4 4. Nxd4 Nf6 5. Nc3 a6 6. h4 e5 7. Nb3 Be7 8. Bg5 Be6 9. Bxf6 Bxf6 10. g3 O-O 11. Qd2 a5 12. a4 Na6 13. Nd5 Nb4 14. Nxf6+ Qxf6 15. Nxa5 Nxc2+ 16. Qxc2 Rxa5 17. Be2 Rc5 18. Qd2 Rfc8 19. Bd1 Qg6 20. Qe3 Rc4 21. Bf3 Rb4 22. O-O Rxb2 23. Rab1 Rcc2 24. Rxb2 Rxb2 25. Qa3 Rb6 26. a5 Rc6 27. Qb4 Bc8 28. Bd1 Qf6 29. Ba4 Rc5 30. Kg2 Qd8 31. Rd1 Qc7 32. Qb6 Qxb6 33. axb6 Kf8 34. Rxd6 Ke7 35. Rd3 Rc4 36. Bb3 Rc6 37. Bd5 Rxb6 38. Rc3 Bd7 39. Rc7 Kd6 40. Rxb7 Rxb7 41. Bxb7 Bc6 42. Bxc6 Kxc6 43. Kf3 Kc5 44. Ke3 h5 45. f3 Kc4 46. g4 hxg4 47. fxg4 Kc3 48. h5 f6 49. Kf3 Kd3 50. g5 fxg5 51. Kg4 Kxe4 52. Kxg5 Kf3 53. Kg6 Kg4 0-1

[Event "GER-ch 93rd"]
[Site "Magdeburg"]
[Date "2022.08.15"]
[Round "2"]
[White "Carlstedt, Jonathan"]
[Black "Langheinrich, Ferenc"]
[Result "1/2-1/2"]
[WhiteElo "2439"]
[BlackElo "2357"]
[EventDate "2022.08.14"]
[PlyCount "69"]

1. e4 d5 2. exd5 Nf6 3. c4 e6 4. dxe6 Bxe6 5. Nf3 Qe7 6. Be2 Bxc4 7. d3 Ba6 8. Nc3 Qd8 9. O-O Be7 10. Rb1 O-O 11. b4 c6 12. a4 Nd5 13. Nxd5 Qxd5 14. Be3 Bf6 15. Qb3 Qxb3 16. Rxb3 b6 17. Rc1 Rc8 18. Nd4 Rd8 19. Nxc6 Nxc6 20. Rxc6 Bb7 21. Rc2 Rac8 22. Rxc8 Rxc8 23. Bf3 Bxf3 24. gxf3 Bd8 25. Rb1 f5 26. b5 Kf7 27. Kf1 Ke6 28. Rb4 Rc2 29. Rc4 Ra2 30. f4 Ra3 31. Ke2 Ra2+ 32. Kf1 Ra3 33. Ke2 Ra2+ 34. Kf3 Ra3 35. Ke2 1/2-1/2

[Event "GER-ch 93rd"]
[Site "Magdeburg"]
[Date "2022.08.15"]
[Round "2"]
[White "Costa, Leonardo"]
[Black "Becker, Stefan"]
[Result "1-0"]
[WhiteElo "2326"]
[BlackElo "2101"]
[EventDate "2022.08.14"]
[PlyCount "85"]

1. e4 c5 2. Nf3 e6 3. d4 cxd4 4. Nxd4 a6 5. Bd3 Nf6 6. O-O Qc7 7. Qe2 d6 8. c4 g6 9. Nc3 Bg7 10. Nf3 O-O 11. Bf4 Nh5 12. Bd2 Nc6 13. Rac1 Nf6 14. Rfd1 Nd7 15. Bf4 Nce5 16. b3 b6 17. Bb1 Rd8 18. Bg5 Re8 19. Ne1 f6 20. Bf4 Bb7 21. Qd2 Bf8 22. Nc2 Rad8 23. Ne3 Qb8 24. Bg3 Nf7 25. Kh1 Qa8 26. Re1 Nc5 27. Ng4 Bg7 28. b4 Nd7 29. f4 f5 30. exf5 gxf5 31. Ne3 Nf6 32. Bh4 Qb8 33. Qf2 Kh8 34. Nc2 Rc8 35. Nd4 Nd8 36. Bxf5 Rxc4 37. Nxe6 Nxe6 38. Bxe6 Rxb4 39. f5 d5 40. Bxf6 Bxf6 41. Nxd5 Bh4 42. Qe3 Bxe1 43. Nxb4 1-0

[Event "GER-ch 93rd"]
[Site "Magdeburg"]
[Date "2022.08.15"]
[Round "2"]
[White "Dobrikov, Marco"]
[Black "Dahl, Christoph"]
[Result "1-0"]
[WhiteElo "2223"]
[BlackElo "2348"]
[EventDate "2022.08.14"]
[PlyCount "87"]

1. c4 e5 2. g3 Nf6 3. Bg2 d5 4. cxd5 Nxd5 5. Nf3 Nc6 6. O-O Be7 7. d4 exd4 8. Nxd4 Nxd4 9. Qxd4 Nf6 10. Qxd8+ Bxd8 11. Nc3 O-O 12. e4 c6 13. h3 Bb6 14. Na4 Bd4 15. Rd1 c5 16. Nc3 Rd8 17. Be3 Be6 18. Bxd4 Rxd4 19. Nb5 Rb4 20. Nc7 Rc8 21. e5 Ne8 22. Nxe6 fxe6 23. b3 Rc7 24. Rd8 Kf8 25. Rad1 b5 26. Rb8 Rd4 27. Rxd4 cxd4 28. Be4 Rc5 29. Bxh7 Ke7 30. Rb7+ Kd8 31. Bg6 Nc7 32. Rb8+ Kd7 33. Rg8 Rxe5 34. Rxg7+ Kd6 35. h4 a5 36. Kg2 Nd5 37. h5 d3 38. Bxd3 Rxh5 39. Bxb5 Nc3 40. Rd7+ Kc5 41. Bc4 e5 42. Ra7 a4 43. f4 e4 44. Ra5+ 1-0

[Event "GER-ch 93rd"]
[Site "Magdeburg"]
[Date "2022.08.15"]
[Round "2"]
[White "Farokhi, Keyvan"]
[Black "Krassowizkij, Jaroslaw"]
[Result "0-1"]
[WhiteElo "2313"]
[BlackElo "2429"]
[EventDate "2022.08.14"]
[PlyCount "64"]

1. e4 e5 2. Nf3 Nc6 3. Nc3 Nf6 4. d4 Bb4 5. d5 Ne7 6. Nxe5 d6 7. Bb5+ Kf8 8. Nf3 Nxe4 9. O-O Nxc3 10. bxc3 Bxc3 11. Rb1 h6 12. Nd4 a6 13. Bc4 b5 14. Bb3 Nf5 15. Ne2 Bf6 16. Ng3 h5 17. Ne4 Be5 18. Bg5 f6 19. Bd2 Qe8 20. Re1 Qg6 21. c3 Nh4 22. Ng3 Bg4 23. Qc1 Nxg2 24. Kxg2 h4 25. Qc2 Bh3+ 26. Kh1 Qg4 27. Qe4 hxg3 28. f4 f5 29. Qe2 Qxe2 30. Rxe2 Bg4 31. Rg2 Bf3 32. Rbg1 Rxh2# 0-1

[Event "GER-ch 93rd"]
[Site "Magdeburg"]
[Date "2022.08.15"]
[Round "2"]
[White "Feidt, Jonas"]
[Black "Miller, Eduard"]
[Result "0-1"]
[WhiteElo "1901"]
[BlackElo "2353"]
[EventDate "2022.08.14"]
[PlyCount "60"]

1. c4 Nf6 2. g3 g6 3. Bg2 Bg7 4. Nc3 O-O 5. e4 d6 6. Nge2 c5 7. O-O Nc6 8. d3 Bg4 9. f3 Bd7 10. Be3 a6 11. a4 Rb8 12. d4 cxd4 13. Nxd4 Qb6 14. Qb3 Qxb3 15. Nxb3 Rfc8 16. c5 Be6 17. Nd2 dxc5 18. Bxc5 Nd7 19. Bf2 Nde5 20. Rab1 Nd3 21. Bb6 Nxb2 22. Nd5 Nxa4 23. Rfc1 Nxb6 24. Nxb6 Bd4+ 25. Kh1 Bxb6 26. Rxb6 Na5 27. Ra1 Rc5 28. h3 Rd8 29. Nf1 Rd3 30. g4 Rb3 0-1

[Event "GER-ch 93rd"]
[Site "Magdeburg"]
[Date "2022.08.15"]
[Round "2"]
[White "Feuerstack, Aljoscha"]
[Black "Pahl, Erik"]
[Result "1/2-1/2"]
[WhiteElo "2477"]
[BlackElo "2203"]
[EventDate "2022.08.14"]
[PlyCount "70"]

1. d4 Nf6 2. c4 g6 3. g3 Bg7 4. Bg2 O-O 5. Nc3 d6 6. Nf3 Nc6 7. O-O e5 8. dxe5 dxe5 9. Bg5 Qxd1 10. Raxd1 Re8 11. Nd2 Nd4 12. Nb3 Ne6 13. Be3 Ng4 14. Bc1 f5 15. Rfe1 Nf6 16. e4 f4 17. gxf4 Nxf4 18. Bxf4 exf4 19. e5 Ng4 20. Nd5 Rxe5 21. Nxc7 Rb8 22. Rd8+ Kf7 23. Red1 Nf6 24. Nb5 Bg4 25. Rxb8 Bxd1 26. Rxb7+ Kf8 27. Rb8+ Ke7 28. Rb7+ Kf8 29. Rb8+ Ke7 30. Bc6 f3 31. Rb7+ Kf8 32. Rb8+ Ke7 33. Rb7+ Kf8 34. Rb8+ Ke7 35. Rb7+ Kf8 1/2-1/2

[Event "GER-ch 93rd"]
[Site "Magdeburg"]
[Date "2022.08.15"]
[Round "2"]
[White "Florstedt, Johannes"]
[Black "Westphal, Wolfgang"]
[Result "1-0"]
[WhiteElo "2359"]
[BlackElo "2175"]
[EventDate "2022.08.14"]
[PlyCount "37"]

1. e4 d5 2. exd5 Qxd5 3. Nc3 Qa5 4. d4 c6 5. Bc4 Nf6 6. Nf3 Bf5 7. Bd2 e6 8. Nd5 Qd8 9. Nxf6+ gxf6 10. O-O Nd7 11. Re1 Qc7 12. Nh4 Bg6 13. Bxe6 fxe6 14. Rxe6+ Kf7 15. Qe2 Bd6 16. Bf4 Rhe8 17. Re1 Be5 18. Rxe8 Rxe8 19. Nf3 1-0

[Event "GER-ch 93rd"]
[Site "Magdeburg"]
[Date "2022.08.15"]
[Round "2"]
[White "Keller, Peter1"]
[Black "Becker, Michael"]
[Result "1-0"]
[WhiteElo "2377"]
[BlackElo "2282"]
[EventDate "2022.08.14"]
[PlyCount "63"]

1. e4 c5 2. c3 d5 3. exd5 Qxd5 4. d4 Nf6 5. Nf3 Bg4 6. Nbd2 e6 7. Qb3 Qxb3 8. axb3 Nbd7 9. dxc5 Bxc5 10. b4 Be7 11. g3 O-O 12. Bg2 a6 13. Nc4 Nd5 14. Ne3 Bxf3 15. Bxf3 N7f6 16. Nxd5 Nxd5 17. Ke2 Rfd8 18. Rd1 Rac8 19. Ra5 f6 20. Bxd5 exd5 21. Raxd5 Rxd5 22. Rxd5 b5 23. Be3 Kf7 24. Rd7 Ke6 25. Ra7 Rc6 26. g4 g5 27. h3 h6 28. Kf3 Bd6 29. Rh7 Bf8 30. Ke4 Be7 31. Rxh6 Rc8 32. Bxg5 1-0

[Event "GER-ch 93rd"]
[Site "Magdeburg"]
[Date "2022.08.15"]
[Round "2"]
[White "Krastev, Alexander"]
[Black "Richter, Nils"]
[Result "1/2-1/2"]
[WhiteElo "2428"]
[BlackElo "2328"]
[EventDate "2022.08.14"]
[PlyCount "82"]

1. e4 c6 2. Nc3 d5 3. Qf3 d4 4. Bc4 Nf6 5. Nce2 Nbd7 6. d3 Ne5 7. Qf4 Nxc4 8. dxc4 Nd7 9. Nf3 e5 10. Qg3 f6 11. O-O Nc5 12. Nd2 d3 13. cxd3 Qxd3 14. Nc3 Qxg3 15. hxg3 Be6 16. b3 Nd3 17. Nf3 Nxc1 18. Raxc1 O-O-O 19. Rfd1 Bb4 20. Kf1 Rxd1+ 21. Nxd1 Rd8 22. Ne3 Ba3 23. Rc2 Kc7 24. Ke2 Kb6 25. Ne1 Bc5 26. Nd3 Bd4 27. Rc1 g6 28. Rh1 h5 29. f3 a5 30. a4 Kc7 31. g4 hxg4 32. Nxg4 b5 33. axb5 cxb5 34. Nxf6 bxc4 35. bxc4 a4 36. Nd5+ Bxd5 37. cxd5 a3 38. Rc1+ Kd7 39. Rc2 Rb8 40. Kd2 Rb1 41. Ra2 Rb3 1/2-1/2

[Event "GER-ch 93rd"]
[Site "Magdeburg"]
[Date "2022.08.15"]
[Round "2"]
[White "Kunin, Vitaly L"]
[Black "Eichstaedt, Mirko"]
[Result "1-0"]
[WhiteElo "2521"]
[BlackElo "2223"]
[EventDate "2022.08.14"]
[PlyCount "71"]

1. d4 d5 2. Nf3 Nf6 3. c4 c6 4. Qb3 dxc4 5. Qxc4 Bg4 6. Nbd2 e6 7. g3 Be7 8. Bg2 O-O 9. O-O Nbd7 10. Rd1 Nb6 11. Qb3 a5 12. Nc4 Nxc4 13. Qxc4 a4 14. Ne5 Bh5 15. Bg5 Nd7 16. Bxc6 Nb6 17. Bxe7 Nxc4 18. Bxd8 bxc6 19. Nxc4 Bxe2 20. Be7 Rfe8 21. Nb6 Bxd1 22. Rxd1 Ra6 23. Bc5 f6 24. Nc4 g5 25. Re1 Kg7 26. Nd6 Rb8 27. Rxe6 Rxb2 28. Nf5+ Kg6 29. g4 h5 30. h3 hxg4 31. hxg4 Rb7 32. Be7 Rab6 33. Rxf6+ Kh7 34. Rf7+ Kg8 35. Nh6+ Kh8 36. Bf6# 1-0

[Event "GER-ch 93rd"]
[Site "Magdeburg"]
[Date "2022.08.15"]
[Round "2"]
[White "Malek, Daniel"]
[Black "Colbow, Collin"]
[Result "1-0"]
[WhiteElo "2365"]
[BlackElo "2323"]
[EventDate "2022.08.14"]
[PlyCount "77"]

1. d4 Nf6 2. c4 e6 3. Nf3 b6 4. g3 Ba6 5. b3 Bb4+ 6. Bd2 Be7 7. Nc3 d5 8. cxd5 exd5 9. Bg2 O-O 10. O-O Re8 11. a3 c6 12. b4 Nbd7 13. Bf4 Nh5 14. Be3 Nhf6 15. Rb1 Bb7 16. a4 Rc8 17. Qb3 Ba8 18. Rfd1 h6 19. Ne1 Qc7 20. Bf4 Bd6 21. Bxd6 Qxd6 22. Nc2 g6 23. Ne3 Qe6 24. b5 c5 25. Qa3 Kg7 26. Rb2 Rc7 27. dxc5 Rxc5 28. Rbd2 Ne5 29. Ncxd5 Nxd5 30. Bxd5 Bxd5 31. Rxd5 Rxd5 32. Rxd5 Kh7 33. Rd6 Qh3 34. Rd4 Qh5 35. Qb2 Qh3 36. Re4 f6 37. f4 Ng4 38. Nxg4 Rxe4 39. Nxf6+ 1-0

[Event "GER-ch 93rd"]
[Site "Magdeburg"]
[Date "2022.08.15"]
[Round "2"]
[White "Pajeken, Jakob Leon"]
[Black "Colpe, Malte"]
[Result "1/2-1/2"]
[WhiteElo "2457"]
[BlackElo "2363"]
[EventDate "2022.08.14"]
[PlyCount "119"]

1. e4 c5 2. Nf3 Nc6 3. Bb5 g6 4. O-O Bg7 5. Bxc6 dxc6 6. d3 e5 7. a4 Bg4 8. Be3 b6 9. Nbd2 Ne7 10. Nc4 O-O 11. h3 Bxf3 12. Qxf3 Qd7 13. a5 Rab8 14. Qg3 Qe6 15. axb6 axb6 16. Ra6 b5 17. Nd2 c4 18. dxc4 bxc4 19. Bc5 Rxb2 20. Qc3 Rb5 21. Ba3 Rd8 22. Nxc4 Bf8 23. Ne3 Rd4 24. Bxe7 Qxe7 25. Rxc6 Rc5 26. Rxc5 Qxc5 27. Qxc5 Bxc5 28. Ng4 Bd6 29. Nf6+ Kf8 30. Nxh7+ Ke7 31. Ra1 f6 32. Ra7+ Ke6 33. Rg7 Rxe4 34. Rxg6 Re1+ 35. Kh2 e4+ 36. g3 Be5 37. Rg7 Re2 38. Nf8+ Kd6 39. Kg1 Rxc2 40. Rd7+ Kc6 41. Rd8 Ra2 42. Ng6 Bd6 43. Re8 f5 44. Ne7+ Bxe7 45. Rxe7 Kd6 46. Re8 Ra5 47. h4 Kd7 48. Rg8 Ke6 49. Rg6+ Kf7 50. Rb6 Ra1+ 51. Kg2 Ra2 52. Rb3 Kg6 53. g4 fxg4 54. Kg3 Re2 55. Rb6+ Kf5 56. Rb5+ Kf6 57. Rb3 Kg6 58. Ra3 Kf5 59. Re3 Rd2 60. Re1 1/2-1/2

[Event "GER-ch 93rd"]
[Site "Magdeburg"]
[Date "2022.08.15"]
[Round "2"]
[White "Parvanyan, Alfred"]
[Black "Gungl, Theo"]
[Result "1-0"]
[WhiteElo "2151"]
[BlackElo "2366"]
[EventDate "2022.08.14"]
[PlyCount "153"]

1. Nf3 d5 2. g3 c6 3. Bg2 Bg4 4. O-O Nd7 5. d4 Ngf6 6. Nbd2 e6 7. Re1 Be7 8. e4 dxe4 9. Nxe4 Nxe4 10. Rxe4 Nf6 11. Re1 O-O 12. c3 Qb6 13. Qa4 a6 14. Ne5 Bf5 15. h3 h6 16. g4 Bh7 17. h4 Qc7 18. g5 hxg5 19. hxg5 Nd5 20. c4 Nb6 21. Qb3 Bf5 22. Bh3 Nd7 23. Bxf5 Nxe5 24. Bc2 Ng6 25. Qh3 Qd7 26. Bxg6 fxg6 27. Qxe6+ Qxe6 28. Rxe6 Kf7 29. Re4 Rad8 30. Bd2 Rd7 31. Rae1 Rfd8 32. Be3 Bb4 33. Re2 Ba5 34. Kg2 Kg8 35. f4 Bb6 36. c5 Bc7 37. Kf3 Kf7 38. Bf2 Rh8 39. Bg3 Rhd8 40. Ke3 Rh8 41. Rh2 Rxh2 42. Bxh2 Rd8 43. Kf3 Rd7 44. Bg1 Rd8 45. Re2 Rh8 46. Bf2 Rd8 47. b4 Rh8 48. a4 Rh3+ 49. Bg3 Rh1 50. Rb2 Ra1 51. b5 Ke8 52. b6 Bd8 53. d5 Kd7 54. Rd2 cxd5 55. Rxd5+ Kc8 56. f5 gxf5 57. Rxf5 Ra3+ 58. Kg4 g6 59. Rf4 Rc3 60. Bf2 Be7 61. Rf7 Kd7 62. Rg7 Rc4+ 63. Kf3 Ke8 64. Rxg6 Bxc5 65. Bxc5 Rxc5 66. Rg7 Kd8 67. g6 Rg5 68. Kf4 Rg1 69. Ke5 Re1+ 70. Kf6 Rf1+ 71. Ke6 Re1+ 72. Kf7 Kd7 73. Kf8+ Kc6 74. a5 Rg1 75. Rc7+ Kb5 76. g7 Kxa5 77. Rxb7 1-0

[Event "GER-ch 93rd"]
[Site "Magdeburg"]
[Date "2022.08.15"]
[Round "2"]
[White "Stricker, Florian"]
[Black "Cofman, Veaceslav"]
[Result "0-1"]
[WhiteElo "2182"]
[BlackElo "2287"]
[EventDate "2022.08.14"]
[PlyCount "134"]

1. e4 d5 2. Nc3 d4 3. Nce2 c5 4. Nf3 Nc6 5. Ng3 g6 6. Bb5 Bd7 7. Bxc6 Bxc6 8. Ne5 Qc7 9. Nxc6 Qxc6 10. O-O h5 11. h4 e6 12. Re1 e5 13. d3 Be7 14. f4 Bxh4 15. Qf3 Nf6 16. Rf1 Ng4 17. fxe5 Qe6 18. Ne2 Nxe5 19. Qf4 Be7 20. b4 b6 21. Qf2 Ng4 22. Qf3 O-O 23. Nf4 Qe5 24. Qh3 Bd6 25. bxc5 bxc5 26. Rb1 Rab8 27. Rb3 c4 28. dxc4 Rxb3 29. axb3 Qxe4 30. Qd3 Qe5 31. Qe2 Ne3 32. Bxe3 dxe3 33. g3 Re8 34. Rf3 Qg5 35. Nd5 Bxg3 36. Kf1 Bh2 37. Ke1 Qh4+ 38. Kf1 Be5 39. Qxe3 Qh1+ 40. Ke2 Re6 41. Rf1 Qg2+ 42. Rf2 Qg4+ 43. Kd3 Bg7 44. Qf4 Qd1+ 45. Qd2 Qh1 46. Qf4 f5 47. Qf3 Qe1 48. Rf1 Qa5 49. c3 Kh7 50. Qd1 Qd8 51. Re1 Rxe1 52. Qxe1 h4 53. Qh1 Qg5 54. c5 Qg3+ 55. Kc4 h3 56. c6 Be5 57. b4 Qg2 58. Qe1 Qe4+ 59. Qxe4 fxe4 60. c7 Bxc7 61. Nf6+ Kh6 62. Nxe4 Kh5 63. Kd3 Kh4 64. Ke2 h2 65. Nf2 Kg3 66. Kf1 Kf3 67. c4 g5 0-1

[Event "GER-ch 93rd"]
[Site "Magdeburg"]
[Date "2022.08.15"]
[Round "2"]
[White "Yi, Danny"]
[Black "Tschernatsch, Johannes"]
[Result "1-0"]
[WhiteElo "2273"]
[BlackElo "2314"]
[EventDate "2022.08.14"]
[PlyCount "71"]

1. e4 c5 2. Nf3 d6 3. d4 cxd4 4. Nxd4 Nf6 5. Nc3 a6 6. f4 e5 7. Nf3 Nbd7 8. a4 Qc7 9. Bd3 Be7 10. O-O O-O 11. Qe1 Re8 12. Kh1 Nc5 13. fxe5 dxe5 14. Qg3 Be6 15. Be3 Rad8 16. Rad1 Nxd3 17. cxd3 Ng4 18. Bg1 Rd7 19. h3 Nf6 20. Bh2 Bd6 21. Ng5 Qd8 22. Nxe6 Rxe6 23. Qf2 Bc7 24. Qf3 h6 25. Bg3 Ba5 26. Ne2 Qb6 27. d4 exd4 28. e5 Nh7 29. Nxd4 Ng5 30. Qg4 h5 31. Qxg5 Rxd4 32. Qxh5 Rg6 33. Rxd4 Qxd4 34. e6 Rh6 35. exf7+ Kf8 36. Qxa5 1-0

[Event "GER-ch 93rd"]
[Site "Magdeburg"]
[Date "2022.08.16"]
[Round "3"]
[White "Becker, Michael"]
[Black "Stricker, Florian"]
[Result "0-1"]
[WhiteElo "2282"]
[BlackElo "2182"]
[EventDate "2022.08.14"]
[PlyCount "60"]

1. e4 e6 2. d3 d5 3. Qe2 Nc6 4. Nf3 Nge7 5. g3 f6 6. Bg2 e5 7. O-O Bg4 8. c3 d4 9. h3 Be6 10. cxd4 Nxd4 11. Nxd4 Qxd4 12. Be3 Qd7 13. Rd1 Nc6 14. Nc3 O-O-O 15. Kh2 Nd4 16. Bxd4 exd4 17. Nd5 Bd6 18. Qf3 Bxd5 19. exd5 h5 20. Kg1 f5 21. Re1 g5 22. Re6 Rdf8 23. Rae1 g4 24. Qe2 Qf7 25. hxg4 hxg4 26. a3 Kb8 27. b4 b6 28. Qb2 f4 29. gxf4 Qxf4 30. R1e2 Rh1+ 0-1

[Event "GER-ch 93rd"]
[Site "Magdeburg"]
[Date "2022.08.16"]
[Round "3"]
[White "Becker, Stefan"]
[Black "Burian, Simon"]
[Result "1/2-1/2"]
[WhiteElo "2101"]
[BlackElo "2211"]
[EventDate "2022.08.14"]
[PlyCount "80"]

1. e4 c6 2. Nc3 d5 3. Nf3 dxe4 4. Nxe4 Nf6 5. Qe2 e6 6. Nxf6+ Qxf6 7. d4 h6 8. g3 Bd6 9. Bg2 Nd7 10. O-O O-O 11. b3 e5 12. Bb2 exd4 13. Bxd4 Qf5 14. Rad1 Bc5 15. Bb2 Nf6 16. Nd4 Qg6 17. Kh1 Re8 18. Qc4 Qh5 19. Kg1 Bg4 20. f3 Be6 21. Qc3 Bb6 22. Kh1 Bd5 23. Rde1 Rad8 24. Ne2 Be3 25. g4 Qg5 26. Ng3 Bd2 27. Rxe8+ Nxe8 28. Qd3 Be6 29. Ne4 Qe7 30. Qe2 Bf4 31. Bc1 Bb8 32. f4 Qh4 33. h3 Bd5 34. Qe1 Qe7 35. c4 Bxe4 36. Qxe4 Qd6 37. Bf3 Nf6 38. Qc2 Qe6 39. Rd1 Rxd1+ 40. Qxd1 Bc7 1/2-1/2

[Event "GER-ch 93rd"]
[Site "Magdeburg"]
[Date "2022.08.16"]
[Round "3"]
[White "Cofman, Veaceslav"]
[Black "Keller, Peter1"]
[Result "0-1"]
[WhiteElo "2287"]
[BlackElo "2377"]
[EventDate "2022.08.14"]
[PlyCount "140"]

1. d4 d5 2. c4 c6 3. Nf3 Nf6 4. Nc3 e6 5. e3 Nbd7 6. cxd5 exd5 7. Bd3 Bd6 8. O-O O-O 9. Qc2 Re8 10. e4 dxe4 11. Nxe4 Nxe4 12. Bxe4 h6 13. Bh7+ Kh8 14. Bf5 Nf6 15. Bd2 Bxf5 16. Qxf5 Qd7 17. Qxd7 Nxd7 18. Rfe1 Kg8 19. Rxe8+ Rxe8 20. Re1 Rd8 21. Ba5 Ra8 22. Bd2 Nf6 23. Kf1 Nd5 24. g3 f6 25. Ke2 Kf7 26. Kd3 Rd8 27. Kc2 Bc7 28. h4 h5 29. a4 a5 30. Kd3 Bb6 31. Kc4 Rd7 32. Rb1 Re7 33. Re1 Rd7 34. Rb1 Bd8 35. b4 axb4 36. Bxb4 b6 37. Bd2 Ra7 38. Kb3 Ke6 39. Re1+ Kd7 40. Rc1 Be7 41. Ne1 Bd6 42. Nd3 Ra8 43. Re1 b5 44. a5 Nc7 45. Bb4 Ne6 46. Bc3 Nc7 47. Bb4 Bxb4 48. Kxb4 Nd5+ 49. Kb3 Rxa5 50. Nc5+ Kc7 51. Ne6+ Kb6 52. Nxg7 b4 53. Kb2 Ra3 54. Nxh5 Rd3 55. Re6 Rd2+ 56. Kb3 Rxf2 57. Nf4 Rf3+ 58. Kb2 Kb5 59. Ne2 Nb6 60. d5 Nc4+ 61. Kc1 c5 62. Re8 Ka4 63. Re4 Kb3 64. Rf4 Re3 65. Rf2 Ne5 66. Nf4 c4 67. Re2 Rxg3 68. d6 Rg1+ 69. Kd2 c3+ 70. Ke3 c2 0-1

[Event "GER-ch 93rd"]
[Site "Magdeburg"]
[Date "2022.08.16"]
[Round "3"]
[White "Colbow, Collin"]
[Black "Tschernatsch, Johannes"]
[Result "1/2-1/2"]
[WhiteElo "2323"]
[BlackElo "2314"]
[EventDate "2022.08.14"]
[PlyCount "86"]

1. e4 c5 2. Nf3 d6 3. d4 cxd4 4. Nxd4 Nf6 5. Nc3 a6 6. Nb3 e6 7. g4 b5 8. Bg2 Bb7 9. g5 Nfd7 10. O-O Nc6 11. f4 b4 12. Ne2 Qb6+ 13. Kh1 a5 14. f5 e5 15. Ng3 a4 16. Nd2 Ba6 17. Re1 Nd4 18. Nf3 Nxf3 19. Qxf3 g6 20. Be3 Qb7 21. Rad1 Rc8 22. Rd2 b3 23. axb3 axb3 24. cxb3 Qxb3 25. Ra1 Bb7 26. Rf2 Ra8 27. Raf1 Be7 28. h4 Ra2 29. Bh3 Ba6 30. Rc1 Rxb2 31. Rxb2 Qxb2 32. Rc7 Qb1+ 33. Bg1 Bb5 34. Rb7 Be2 35. Qb3 Qxb3 36. Rxb3 Bc4 37. Rb7 Nc5 38. Rb8+ Bd8 39. Bxc5 dxc5 40. Rc8 h6 41. Kg2 hxg5 42. hxg5 gxf5 43. Bxf5 Be6 1/2-1/2

[Event "GER-ch 93rd"]
[Site "Magdeburg"]
[Date "2022.08.16"]
[Round "3"]
[White "Colpe, Malte"]
[Black "Parvanyan, Alfred"]
[Result "1/2-1/2"]
[WhiteElo "2363"]
[BlackElo "2151"]
[EventDate "2022.08.14"]
[PlyCount "99"]

1. d4 Nf6 2. Nf3 g6 3. c4 c6 4. Nc3 d5 5. cxd5 cxd5 6. Bf4 Nc6 7. e3 Bg7 8. Be2 O-O 9. O-O Nh5 10. Bg5 h6 11. Bh4 g5 12. Nd2 gxh4 13. Bxh5 e5 14. dxe5 h3 15. f4 d4 16. exd4 Qxd4+ 17. Rf2 Nb4 18. Nde4 Nd3 19. Be2 Rd8 20. Bxd3 Qxd3 21. Qh5 Qe3 22. Qf3 Qxf3 23. Rxf3 hxg2 24. Rg3 Rd4 25. Kf2 Bf5 26. Ke3 Rad8 27. Rg1 Rd3+ 28. Ke2 Rxg3 29. hxg3 Bh3 30. Nf2 Be6 31. Rxg2 f6 32. g4 fxe5 33. f5 Bc4+ 34. Kf3 Bf6 35. b3 Ba6 36. Nce4 Kf7 37. Nxf6 Kxf6 38. Ne4+ Kf7 39. Nc5 Bb5 40. Rh2 Bc6+ 41. Kg3 Rd6 42. Rc2 Kf6 43. Rh2 Kf7 44. g5 hxg5 45. Kg4 Rd1 46. Rh7+ Kf6 47. Rh6+ Kf7 48. Rh7+ Kf6 49. Rh6+ Kf7 50. Rh7+ 1/2-1/2

[Event "GER-ch 93rd"]
[Site "Magdeburg"]
[Date "2022.08.16"]
[Round "3"]
[White "Costa, Leonardo"]
[Black "Feuerstack, Aljoscha"]
[Result "1/2-1/2"]
[WhiteElo "2326"]
[BlackElo "2477"]
[EventDate "2022.08.14"]
[PlyCount "82"]

1. e4 e5 2. Nf3 Nf6 3. Nxe5 d6 4. Nf3 Nxe4 5. Bd3 d5 6. O-O Be7 7. Re1 Nd6 8. c3 O-O 9. Bc2 c6 10. d4 Na6 11. Bf4 Nc7 12. Nbd2 Re8 13. Ne5 g6 14. a4 Bf5 15. Bxf5 Nxf5 16. h3 Bd6 17. Qb3 Ne6 18. Bh2 Qc7 19. Ndf3 f6 20. Ng4 Bxh2+ 21. Nfxh2 Kf7 22. Ne3 Nd6 23. Nf3 Re7 24. g3 Rae8 25. Kg2 Ng7 26. Nf1 Ne4 27. Re2 Nf5 28. Rae1 Kf8 29. Qc2 Qa5 30. N3d2 Nxd2 31. Rxe7 Rxe7 32. Rxe7 Kxe7 33. Nxd2 Kf7 34. h4 Qc7 35. Qd3 Qa5 36. b3 h5 37. Nf3 Qb6 38. Nd2 Qd8 39. Qe2 Qe7 40. Qxe7+ Kxe7 41. Kf3 g5 1/2-1/2

[Event "GER-ch 93rd"]
[Site "Magdeburg"]
[Date "2022.08.16"]
[Round "3"]
[White "Dahl, Christoph"]
[Black "Bracker, Arne"]
[Result "1-0"]
[WhiteElo "2348"]
[BlackElo "2295"]
[EventDate "2022.08.14"]
[PlyCount "81"]

1. e4 e5 2. Nf3 Nc6 3. Bb5 a6 4. Bxc6 dxc6 5. O-O Bg4 6. h3 Bh5 7. g4 Bg6 8. Nxe5 Qh4 9. Qf3 f6 10. Nxg6 hxg6 11. Kg2 g5 12. Rh1 Ne7 13. Nc3 Qh7 14. Kf1 O-O-O 15. d3 Kb8 16. e5 Ng6 17. exf6 gxf6 18. Be3 Be7 19. Re1 Qg7 20. Ke2 Nh4 21. Qe4 Rhe8 22. Qc4 f5 23. gxf5 Bf6 24. Ne4 Nxf5 25. c3 Rd5 26. Rd1 Qh8 27. Kd2 Bg7 28. Kc2 Qh5 29. Rde1 Qf3 30. Bxg5 b5 31. Nd2 Re2 32. Rxe2 Qxe2 33. Qe4 Qh5 34. h4 Nd6 35. Qf3 Qh7 36. Bf4 Rf5 37. Qg3 Nf7 38. Bxc7+ Kb7 39. Re1 Bf6 40. Re8 Bxh4 41. Rb8+ 1-0

[Event "GER-ch 93rd"]
[Site "Magdeburg"]
[Date "2022.08.16"]
[Round "3"]
[White "Eichstaedt, Mirko"]
[Black "Farokhi, Keyvan"]
[Result "1-0"]
[WhiteElo "2223"]
[BlackElo "2313"]
[EventDate "2022.08.14"]
[PlyCount "89"]

1. d4 d5 2. Nf3 Nf6 3. c4 e6 4. g3 Be7 5. Bg2 O-O 6. Nc3 c6 7. Qb3 a5 8. cxd5 exd5 9. O-O Nbd7 10. Bf4 b5 11. Qc2 Ba6 12. Rfe1 Re8 13. a3 Nf8 14. Ne5 Rc8 15. e4 Ne6 16. Be3 Bd6 17. Nxc6 Rxc6 18. exd5 Rxc3 19. bxc3 Nc7 20. a4 Ncxd5 21. axb5 Bxb5 22. c4 Nb4 23. Qb3 Ba6 24. Bd2 Rxe1+ 25. Bxe1 Bf8 26. Bc3 Bc8 27. Qa4 Qc7 28. Qxa5 Qxc4 29. Bxb4 Bxb4 30. Qd8+ Bf8 31. Ra8 Ng4 32. Qxc8 Qxc8 33. Rxc8 g6 34. Bd5 Nf6 35. Bc6 Kg7 36. f3 Ng8 37. Rc7 Bb4 38. Kf2 Ne7 39. Ke3 Kf6 40. Be4 Ke6 41. Rb7 Bd6 42. d5+ Kf6 43. Rb6 Nf5+ 44. Bxf5 Ke5 45. Rxd6 1-0

[Event "GER-ch 93rd"]
[Site "Magdeburg"]
[Date "2022.08.16"]
[Round "3"]
[White "Florstedt, Johannes"]
[Black "Kunin, Vitaly L"]
[Result "1/2-1/2"]
[WhiteElo "2359"]
[BlackElo "2521"]
[EventDate "2022.08.14"]
[PlyCount "130"]

1. e4 d6 2. d4 Nf6 3. Nc3 e5 4. Nf3 Nbd7 5. Rg1 g6 6. Be3 Bg7 7. dxe5 dxe5 8. g4 O-O 9. Qd2 Nb6 10. g5 Qxd2+ 11. Nxd2 Nh5 12. Nb5 Bd7 13. a4 Bxb5 14. axb5 Nf4 15. Nb3 Nc8 16. Nc5 Nd6 17. f3 Rfd8 18. c3 Kf8 19. Bxf4 exf4 20. Rg4 h6 21. Rxf4 hxg5 22. Ne6+ Ke7 23. Nxg5 Rh8 24. h4 Be5 25. Rg4 f5 26. exf5 gxf5 27. Rga4 Bg3+ 28. Kd1 Bxh4 29. Nh3 Bg3 30. Rxa7 Rad8 31. Kc2 f4 32. R1a4 Rh4 33. Kb3 Rg8 34. Rd4 Rgh8 35. Ng5 Bf2 36. Rxd6 Bxa7 37. Re6+ Kd7 38. Rg6 Kc8 39. Bd3 Kb8 40. Rg7 Bb6 41. Rf7 Rd8 42. Kc4 Re8 43. Ne4 Be3 44. Nf6 Rd8 45. Nd5 Rh5 46. Be4 c6 47. bxc6 b5+ 48. Kxb5 Rdxd5+ 49. Bxd5 Rxd5+ 50. Kb4 Rd2 51. b3 Rd5 52. Rh7 Rc5 53. Rh6 Kc7 54. c4 Rg5 55. Kc3 Rg3 56. Kb4 Kb6 57. Ka4 Rxf3 58. b4 Rg3 59. c5+ Kc7 60. Kb5 Rg7 61. Rf6 Bd2 62. Kc4 Rg4 63. Rf7+ Kc8 64. Rf8+ Kc7 65. Rf7+ Kc8 1/2-1/2